[Event "VIE-ch U15 Girls"]
[Site "Hanoi"]
[Date "2022.06.17"]
[Round "9"]
[White "Bui, Khanh Nguyen"]
[Black "Tran, Phuong Vi"]
[Result "0-1"]
[WhiteElo "2103"]
[BlackElo "2093"]
[PlyCount "48"]
[EventDate "2022.06.11"]
[EventType "swiss"]
[EventRounds "9"]
[EventCountry "VIE"]
[SourceTitle "EXT 2023"]
[Source "ChessBase"]
[SourceDate "2022.10.05"]
[SourceVersion "1"]
[SourceVersionDate "2022.10.05"]
[SourceQuality "1"]

1. c4 g6 2. Nc3 Bg7 3. g3 f5 4. Bg2 e5 5. d3 Nf6 6. e4 d6 7. Nge2 Nc6 8. Be3 Be6 9. b3 Qd7 10. a3 0-0 11. Qc2 Ng4 12. h3 Nxe3 13. fxe3 fxe4 14. dxe4 Bh6 15. Qd3 Na5 16. Nc1 c5 17. Rb1 b6 18. h4 Rf7 19. Rb2 Raf8 20. Nd1 Nb7 21. b4 a5 22. Nb3 Qe7 23. Kd2 axb4 24. axb4 d5 0-1

[Event "VIE-ch U15 Girls"]
[Site "Hanoi"]
[Date "2022.06.15"]
[Round "6"]
[White "Bui, Khanh Nguyen"]
[Black "Lu, Nguyen Minh Anh"]
[Result "1-0"]
[WhiteElo "2103"]
[BlackElo "2124"]
[PlyCount "49"]
[EventDate "2022.06.11"]
[EventType "swiss"]
[EventRounds "9"]
[EventCountry "VIE"]
[SourceTitle "EXT 2023"]
[Source "ChessBase"]
[SourceDate "2022.10.05"]
[SourceVersion "1"]
[SourceVersionDate "2022.10.05"]
[SourceQuality "1"]

1. d4 Nc6 2. Nf3 e6 3. e3 Nf6 4. Bd3 Bd6 5. c4 0-0 6. 0-0 Re8 7. c5 Be7 8. Nc3 d6 9. cxd6 Bxd6 10. e4 e5 11. d5 Nd4 12. h3 c6 13. Re1 Nxf3+ 14. Qxf3 Qd7 15. Bg5 h6 16. Bxf6 gxf6 17. Qh5 Kg7 18. Re3 Bc5 19. Rg3+ Kh7 20. Bc4 b5 21. d6 Bxd6 22. Bxf7 Bf8 23. Qg6+ Kh8 24. Qxf6+ Kh7 25. Bg6+ 1-0

[Event "VIE-ch U15 Girls"]
[Site "Hanoi"]
[Date "2022.06.15"]
[Round "7"]
[White "Pham, Hoang Thien Nhi"]
[Black "Bui, Khanh Nguyen"]
[Result "0-1"]
[WhiteElo "2101"]
[BlackElo "2103"]
[PlyCount "81"]
[EventDate "2022.06.11"]
[EventType "swiss"]
[EventRounds "9"]
[EventCountry "VIE"]
[SourceTitle "EXT 2023"]
[Source "ChessBase"]
[SourceDate "2022.10.05"]
[SourceVersion "1"]
[SourceVersionDate "2022.10.05"]
[SourceQuality "1"]

1. e4 g6 2. e5 d6 3. exd6 cxd6 4. d4 d5 5. Nf3 Nf6 6. Bd3 Bg7 7. 0-0 0-0 8. h3 Nc6 9. Bg5 h6 10. Bf4 a6 11. Qd2 Ne4 12. Qe3 g5 13. Bxe4 dxe4 14. Qxe4 gxf4 15. Qxf4 Qd6 16. Qe4 Bxd4 17. Na3 Qe6 18. Qd3 Qf5 19. Nxd4 Qxd3 20. cxd3 Nxd4 21. Rae1 Be6 22. Nc4 Bxc4 23. dxc4 f5 24. Rxe7 Rf7 25. Re5 Nc6 26. Re6 Kg7 27. Rd1 Rd8 28. Rde1 Rdd7 29. R1e3 f4 30. R3e4 Rde7 31. Rxe7 Nxe7 32. g3 fxg3 33. fxg3 Nc6 34. h4 Nb4 35. a3 Nd3 36. Re3 Nxb2 37. Rb3 Nxc4 38. Rb4 Nxa3 39. Rg4+ Kh7 40. Ra4 Nb5 41. Rb4 0-1

[Event "VIE-ch U11 Girls"]
[Site "Hanoi"]
[Date "2020.??.??"]
[Round "6"]
[White "Tran, Ha Gia Linh"]
[Black "Bui, Khanh Nguyen"]
[Result "1/2-1/2"]
[WhiteElo "2247"]
[BlackElo "2248"]
[PlyCount "139"]
[EventDate "2020.10.22"]
[EventType "tourn"]
[EventRounds "7"]
[EventCountry "VIE"]
[SourceTitle "EXT 2022"]
[Source "ChessBase"]
[SourceDate "2021.10.06"]
[SourceVersion "1"]
[SourceVersionDate "2021.10.06"]
[SourceQuality "1"]

1. e4 c5 2. Nf3 d6 3. d4 cxd4 4. Nxd4 Nc6 5. Nc3 Nf6 6. Be2 e5 7. Nb3 Be7 8. Be3 0-0 9. 0-0 Be6 10. Qd2 Bxb3 11. axb3 Qd7 12. Rfd1 Rfd8 13. Bf3 Ng4 14. Nd5 Nxe3 15. Qxe3 h6 16. h3 Bg5 17. Qd3 Ne7 18. Bg4 Qc6 19. Nxe7+ Bxe7 20. Qe2 Bf6 21. Rd5 b6 22. Rad1 Rab8 23. Qd3 Rb7 24. c3 Be7 25. Bf5 g6 26. Bg4 h5 27. Be2 Qd7 28. Qg3 Qe6 29. Bxh5 Rc7 30. Bg4 Qf6 31. R1d3 Rc5 32. Rd1 Kg7 33. Be2 Rh8 34. Qf3 Qxf3 35. Bxf3 Rhc8 36. Bg4 R8c7 37. Kf1 Rxd5 38. Rxd5 Rc5 39. Rxc5 dxc5 40. Ke2 Bg5 41. Kd3 Kf8 42. b4 cxb4 43. cxb4 Bc1 44. b3 Bb2 45. Kc4 Bd4 46. f3 Ke7 47. Kb5 Bc3 48. Ka6 Bxb4 49. Kxa7 Bc5 50. Ka6 Kf6 51. Kb7 Kg5 52. h4+ Kxh4 53. Kc6 Kg5 54. Kd5 f5 55. Bh3 Bd4 56. g3 f4 57. gxf4+ Kxf4 58. Bg4 Ke3 59. Ke6 Kf4 60. Kf6 g5 61. Ke6 b5 62. Kd5 b4 63. Kc4 Bc3 64. Kd3 Kg3 65. Kc4 Kf2 66. Kd5 Ke3 67. Ke6 Kd4 68. Kf6 Bd2 69. Kf5 Bf4 70. Kf6 1/2-1/2